00928nam a2200193Ia 4500008004100000020001500041041001200056082001600068100002000084245005500104260002500159300000800184650001600192942000700208999001500215952016200230952017100392952017100563221030s9999 xx 000 0 und d a0070445753 aEnglish a105.23bJaw aW. S. Jawadekar 0aManagement Information Systemscby W. S. Jawadekar bTMHaNew Delhic2003 a726 aBE Computer cBK c3438d3438 pBE 7011g240.00l0o105.23 Jawr2024-06-13 00:00:00w2022-10-30yBK003Print4071aMIETLIBbMIETLIBcBL-Second, FL-1, CUP-150, SH-2, R-2d2003-11-1910HBE pBE 7013g240.00l0o105.23 Jawr2024-06-13 00:00:00w2022-10-30yBK003Print4070aMIETLIBbMIETLIBcBL-Academic Block-a, FL-1, CUP-39, SH-2, R-2d2003-08-1910HBE pBE 7014g240.00l0o105.23 Jawr2024-06-13 00:00:00w2022-10-30yBK003Print4070aMIETLIBbMIETLIBcBL-Academic Block-a, FL-1, CUP-37, SH-2, R-2d2005-11-3010HBE